[Event "Kitchener Masters3"]
[Site "Kitchener CAN"]
[Date "2008.04.05"]
[Round "?"]
[White "Zybura, Andre"]
[Black "Whissell, Mavros"]
[Result "1/2-1/2"]
[WhiteElo "1956"]
[BlackElo "1974"]
[PlyCount "60"]
[GameId "2160767910351222"]
[EventDate "2008.04.05"]
[EventType "tourn"]
[EventRounds "3"]
[EventCountry "CAN"]
[SourceTitle "EXT 2011"]
[Source "ChessBase"]
[SourceDate "2011.11.26"]
[SourceVersion "1"]
[SourceVersionDate "2011.11.26"]
[SourceQuality "1"]

1. e4 e5 2. Nf3 Nc6 3. Bc4 Nf6 4. d3 Be7 5. O-O d6 6. c3 O-O 7. h3 Kh8 8. Bg5 Ng8 9. Bxe7 Qxe7 10. Nfd2 f5 11. Qe2 Nf6 12. Re1 Na5 13. d4 Nxc4 14. Qxc4 Nxe4 15. dxe5 Nxd2 16. Nxd2 dxe5 17. Nf3 e4 18. Rad1 Be6 19. Qe2 Rad8 20. Nd4 Bd7 21. f3 c5 22. Nb3 Rfe8 23. fxe4 fxe4 24. Qh5 b6 25. Re3 Bc6 26. Rde1 Rf8 27. Nc1 Qf6 28. Qe2 Qg5 29. Nb3 Rf7 30. Nd2 Re7 1/2-1/2

[Event "Kitchener Masters3"]
[Site "Kitchener CAN"]
[Date "2008.04.06"]
[Round "?"]
[White "Zybura, Andre"]
[Black "Demmery, Steve"]
[Result "1-0"]
[WhiteElo "1956"]
[BlackElo "2078"]
[PlyCount "57"]
[GameId "2160767910351223"]
[EventDate "2008.04.05"]
[EventType "tourn"]
[EventRounds "3"]
[EventCountry "CAN"]
[SourceTitle "EXT 2011"]
[Source "ChessBase"]
[SourceDate "2011.11.26"]
[SourceVersion "1"]
[SourceVersionDate "2011.11.26"]
[SourceQuality "1"]

1. e4 d5 2. Nc3 dxe4 3. Nxe4 e5 4. Nf3 Nc6 5. Bb5 Nf6 6. Nxf6+ Qxf6 7. d4 Bg4 8. dxe5 Qe6 9. O-O Bc5 10. Qd3 Rd8 11. Qc3 Bxf3 12. Qxf3 O-O 13. Bxc6 bxc6 14. Bf4 Rb8 15. b3 Bd4 16. Rae1 Rb5 17. c3 Bb6 18. c4 Ra5 19. b4 Rxa2 20. c5 Rb2 21. Qe4 a5 22. Rb1 Rxb1 23. Qxb1 Ba7 24. bxa5 Rb8 25. Qc2 Rb5 26. Rd1 Bxc5 27. Qxc5 g5 28. Rd8+ Kg7 29. Qf8+ 1-0

[Event "Kitchener Masters4"]
[Site "Kitchener CAN"]
[Date "2008.04.05"]
[Round "?"]
[White "Gillanders, Robert"]
[Black "Rowles, Christopher"]
[Result "0-1"]
[WhiteElo "1865"]
[BlackElo "1723"]
[PlyCount "80"]
[GameId "2160767910351224"]
[EventDate "2008.04.05"]
[EventType "tourn"]
[EventRounds "3"]
[EventCountry "CAN"]
[SourceTitle "EXT 2011"]
[Source "ChessBase"]
[SourceDate "2011.11.26"]
[SourceVersion "1"]
[SourceVersionDate "2011.11.26"]
[SourceQuality "1"]

1. d4 d5 2. c4 e6 3. Nc3 Nf6 4. e3 g6 5. Nf3 Bg7 6. b3 O-O 7. Bd3 b6 8. O-O Bb7 9. Bb2 Nbd7 10. Re1 Ne4 11. Qc2 f5 12. Ne2 g5 13. Ne5 Nxe5 14. dxe5 Nc5 15. Rad1 Qe8 16. f4 g4 17. b4 Nxd3 18. Rxd3 d4 19. Rxd4 Qc6 20. Nc1 Rfd8 21. Red1 Rxd4 22. Rxd4 Bf8 23. a3 a5 24. b5 Qe8 25. Qf2 Bc5 26. Rd2 h5 27. Ne2 Qe7 28. a4 h4 29. Bd4 Bb4 30. Rb2 Kf7 31. Nc1 Rg8 32. Nd3 g3 33. hxg3 hxg3 34. Qe2 Qh4 35. e4 Bxe4 36. Be3 Qh2+ 37. Kf1 Qh1+ 38. Bg1 Bc3 39. Qe3 Bxb2 40. Nxb2 Qxg2+ 0-1

[Event "Kitchener Masters4"]
[Site "Kitchener CAN"]
[Date "2008.04.05"]
[Round "?"]
[White "Knechtel, Tim"]
[Black "Rowles, Christopher"]
[Result "1/2-1/2"]
[WhiteElo "1799"]
[BlackElo "1723"]
[PlyCount "90"]
[GameId "2160767910351225"]
[EventDate "2008.04.05"]
[EventType "tourn"]
[EventRounds "3"]
[EventCountry "CAN"]
[SourceTitle "EXT 2011"]
[Source "ChessBase"]
[SourceDate "2011.11.26"]
[SourceVersion "1"]
[SourceVersionDate "2011.11.26"]
[SourceQuality "1"]

1. d3 d5 2. g3 g6 3. Bg2 c6 4. h3 Nf6 5. Nf3 Bg7 6. O-O O-O 7. Nbd2 Nbd7 8. Re1 Re8 9. e4 e5 10. Nf1 Qc7 11. Bd2 dxe4 12. dxe4 Nc5 13. N3h2 Ne6 14. Qc1 Bd7 15. c3 Rad8 16. Be3 c5 17. Qc2 b6 18. Nd2 Bb5 19. Bf1 Bxf1 20. Ndxf1 Rd7 21. Rad1 Red8 22. f3 Bf8 23. Bc1 c4 24. Ne3 Nc5 25. Rxd7 Rxd7 26. Nhg4 Nxg4 27. hxg4 Nd3 28. Re2 Nxc1 29. Qxc1 Qc5 30. Kg2 Bh6 31. Qe1 Rd3 32. Nd5 Qd6 33. Qh1 Kg7 34. Qh4 f6 35. Qh3 Bg5 36. Qh2 Qe6 37. Qh3 Qd7 38. Qh2 Qa4 39. f4 exf4 40. gxf4 Qd1 41. Kf2 Rd2 42. Ke3 Rd3+ 43. Kf2 Rd2 44. Ke3 Rd3+ 45. Kf2 Rd2 1/2-1/2

[Event "Kitchener Masters4"]
[Site "Kitchener CAN"]
[Date "2008.04.05"]
[Round "?"]
[White "Rowles, Christopher"]
[Black "Gillanders, Robert"]
[Result "0-1"]
[WhiteElo "1723"]
[BlackElo "1865"]
[PlyCount "104"]
[GameId "2160767910351226"]
[EventDate "2008.04.05"]
[EventType "tourn"]
[EventRounds "3"]
[EventCountry "CAN"]
[SourceTitle "EXT 2011"]
[Source "ChessBase"]
[SourceDate "2011.11.26"]
[SourceVersion "1"]
[SourceVersionDate "2011.11.26"]
[SourceQuality "1"]

1. e4 c5 2. Nf3 Nc6 3. d4 cxd4 4. Nxd4 Nf6 5. Nc3 e5 6. Ndb5 d6 7. a4 Be6 8. Bg5 Rc8 9. Be2 a6 10. Na3 Be7 11. Be3 O-O 12. O-O d5 13. exd5 Nxd5 14. Nxd5 Bxd5 15. Bg4 f5 16. Be2 Kh8 17. Bc4 Bxc4 18. Nxc4 Qe8 19. Qe2 f4 20. Bb6 Qg6 21. f3 Rf5 22. Qe4 Rcf8 23. c3 Qf6 24. Rad1 Rh5 25. Rd2 Qh6 26. h3 Qg5 27. Kh1 Rf6 28. Rfd1 Rfh6 29. Rg1 Qg3 30. Qc2 Rxh3+ 31. gxh3 Qxf3+ 32. Rgg2 Qxh3+ 33. Kg1 Qh1+ 34. Kf2 Bh4+ 35. Kf3 Qf1+ 36. Rdf2 Qxc4 37. Rd2 e4+ 38. Qxe4 Qxe4+ 39. Kxe4 Re6+ 40. Kf5 Re5+ 41. Kg4 Bg3 42. Rd7 h5+ 43. Kf3 g5 44. Rgd2 g4+ 45. Kg2 h4 46. Rd1 f3+ 47. Kh1 Re1+ 48. Rxe1 Bxe1 49. Rd5 Kh7 50. Rg5 g3 51. Kg1 Kh6 52. Be3 Bf2+ 0-1

[Event "Kitchener Winter op"]
[Site "Kitchener CAN"]
[Date "2008.02.15"]
[Round "1"]
[White "Lacau Rodean, Iulia"]
[Black "Quan Zhe"]
[Result "0-1"]
[WhiteElo "1990"]
[BlackElo "2460"]
[PlyCount "94"]
[GameId "2160767910413455"]
[EventDate "2008.02.15"]
[EventType "swiss"]
[EventRounds "5"]
[EventCountry "CAN"]
[SourceTitle "EXT 2011"]
[Source "ChessBase"]
[SourceDate "2011.11.26"]
[SourceVersion "1"]
[SourceVersionDate "2011.11.26"]
[SourceQuality "1"]

1. e4 c5 2. Nf3 e6 3. d3 Nc6 4. g3 d5 5. Qe2 Nf6 6. e5 Nd7 7. Bg2 Qc7 8. Bf4 Be7 9. O-O h6 10. h4 g5 11. hxg5 hxg5 12. Nxg5 Nd4 13. Qd1 Bxg5 14. Bxg5 Qxe5 15. Be3 b6 16. Re1 Qh5 17. Qxh5 Rxh5 18. Bxd4 cxd4 19. Nd2 Nb8 20. g4 Rg5 21. Ne4 dxe4 22. Bxe4 Rxg4+ 23. Kh2 Rxe4 24. Rxe4 Nc6 25. Rg1 Bb7 26. Rg7 Ke7 27. Rh4 Rc8 28. Rhh7 Nd8 29. c4 dxc3 30. bxc3 Rxc3 31. a4 Rxd3 32. Rg4 Rd1 33. Rhg7 Rh1+ 34. Kg3 Rg1+ 35. Kf4 Rxg4+ 36. Rxg4 Bc6 37. Ke3 Nb7 38. Rc4 Kd6 39. Kd4 Nc5 40. a5 Nb3+ 41. Kc3 Nxa5 42. Rf4 f5 43. Rh4 Bd5 44. Rh7 Nc6 45. f4 b5 46. Rb7 b4+ 47. Kb2 Kc5 0-1

[Event "Kitchener Winter op"]
[Site "Kitchener CAN"]
[Date "2008.02.15"]
[Round "1"]
[White "Martchenko, Alexander"]
[Black "Humphreys, Michael"]
[Result "1/2-1/2"]
[WhiteElo "2169"]
[BlackElo "1916"]
[PlyCount "70"]
[GameId "2160767910413456"]
[EventDate "2008.02.15"]
[EventType "swiss"]
[EventRounds "5"]
[EventCountry "CAN"]
[SourceTitle "EXT 2011"]
[Source "ChessBase"]
[SourceDate "2011.11.26"]
[SourceVersion "1"]
[SourceVersionDate "2011.11.26"]
[SourceQuality "1"]

1. e4 d6 2. d4 Nf6 3. Nc3 g6 4. f3 c6 5. Be3 Qb6 6. Qc1 Bg7 7. Bc4 h5 8. Nge2 Qc7 9. Bb3 e5 10. Qd2 Nbd7 11. O-O a6 12. f4 b5 13. fxe5 dxe5 14. dxe5 Nxe5 15. Bc5 Nfg4 16. h3 Nc4 17. Qf4 Be5 18. Qg5 Bd4+ 19. Rf2 Qh2+ 20. Kf1 Bxc5 21. Qxc5 Nge3+ 22. Ke1 Qh1+ 23. Ng1 Qxg1+ 24. Ke2 Qxa1 25. Qxc6+ Kf8 26. Qf6 Rh7 27. Bxc4 Nxc4 28. Nd5 Bg4+ 29. hxg4 Re8 30. Qxg6 Rg7 31. Rxf7+ Rxf7 32. Qh6+ Kg8 33. Qg6+ Kf8 34. Qh6+ Rg7 35. Qf4+ Kg8 1/2-1/2

[Event "Kitchener Winter op"]
[Site "Kitchener CAN"]
[Date "2008.02.15"]
[Round "1"]
[White "Mohammed, Ricardo"]
[Black "Fiedler, Brian"]
[Result "1/2-1/2"]
[WhiteElo "1934"]
[BlackElo "2201"]
[PlyCount "66"]
[GameId "2160767910413457"]
[EventDate "2008.02.15"]
[EventType "swiss"]
[EventRounds "5"]
[EventCountry "CAN"]
[SourceTitle "EXT 2011"]
[Source "ChessBase"]
[SourceDate "2011.11.26"]
[SourceVersion "1"]
[SourceVersionDate "2011.11.26"]
[SourceQuality "1"]

1. e4 c5 2. Nf3 d6 3. d4 cxd4 4. Nxd4 Nf6 5. Nc3 a6 6. Be2 e6 7. O-O Be7 8. Be3 Qc7 9. a4 Nc6 10. Nb3 b6 11. f4 O-O 12. Bf3 Rb8 13. Qe2 Na5 14. Nd2 Rd8 15. g4 d5 16. g5 Nxe4 17. Ncxe4 dxe4 18. Bxe4 Bb7 19. Bxb7 Qxb7 20. f5 Qd5 21. f6 Bc5 22. Nf3 Nc4 23. Bxc5 Qxc5+ 24. Rf2 Rd5 25. h4 Rbd8 26. b3 Nd2 27. Kg2 Nxf3 28. Qxf3 Qd4 29. Rh1 Rf5 30. Qg3 Rxf2+ 31. Qxf2 Qg4+ 32. Kh2 Rd4 33. Rf1 Qxh4+ 1/2-1/2

[Event "Kitchener Winter op"]
[Site "Kitchener CAN"]
[Date "2008.02.15"]
[Round "1"]
[White "Nemati, Omid"]
[Black "Dragusanu, George"]
[Result "0-1"]
[WhiteElo "1853"]
[BlackElo "1751"]
[PlyCount "110"]
[GameId "2160767910413459"]
[EventDate "2008.02.15"]
[EventType "swiss"]
[EventRounds "5"]
[EventCountry "CAN"]
[SourceTitle "EXT 2011"]
[Source "ChessBase"]
[SourceDate "2011.11.26"]
[SourceVersion "1"]
[SourceVersionDate "2011.11.26"]
[SourceQuality "1"]

1. e4 e5 2. Nf3 Nc6 3. Bb5 a6 4. Bxc6 dxc6 5. O-O Bg4 6. h3 h5 7. d3 Qf6 8. Be3 Bxf3 9. Qxf3 Qxf3 10. gxf3 Bd6 11. Nd2 O-O-O 12. Nc4 Ne7 13. Nxd6+ cxd6 14. f4 f6 15. fxe5 dxe5 16. f4 Ng6 17. f5 Ne7 18. Rad1 Rhg8 19. Bc5 Rd7 20. Kh2 Kc7 21. a4 b6 22. Be3 a5 23. Rg1 c5 24. Kg3 Nc6 25. Kh4 Rh8 26. Rd2 Nd4 27. Bxd4 cxd4 28. c3 Rh7 29. cxd4 Rxd4 30. Rc1+ Kb7 31. Rc4 Rxc4 32. dxc4 Kc7 33. b4 axb4 34. Rb2 Rh8 35. Rxb4 Kc6 36. Rb5 Rd8 37. Kxh5 Rd4 38. Kg6 Rxe4 39. Kxg7 Rxc4 40. Kxf6 e4 41. Rb3 Rxa4 42. Ke5 Kd7 43. Rxb6 e3 44. Rb3 e2 45. Re3 Ra8 46. Rd3+ Ke7 47. Re3 Kf7 48. Rxe2 Re8+ 49. Kf4 Rxe2 50. Kg5 Rg2+ 51. Kf4 Kf6 52. h4 Rf2+ 53. Kg4 Rxf5 54. h5 Rg5+ 55. Kh4 Rg1 0-1

[Event "Kitchener Winter op"]
[Site "Kitchener CAN"]
[Date "2008.02.15"]
[Round "1"]
[White "Noritsyn, Nikolay"]
[Black "McDonald, Justin"]
[Result "1-0"]
[WhiteElo "2463"]
[BlackElo "2007"]
[PlyCount "45"]
[GameId "2160767910413460"]
[EventDate "2008.02.15"]
[EventType "swiss"]
[EventRounds "5"]
[EventCountry "CAN"]
[SourceTitle "EXT 2011"]
[Source "ChessBase"]
[SourceDate "2011.11.26"]
[SourceVersion "1"]
[SourceVersionDate "2011.11.26"]
[SourceQuality "1"]

1. c4 e5 2. Nc3 Nc6 3. Nf3 Nf6 4. g3 Bb4 5. Bg2 O-O 6. O-O Re8 7. Nd5 Bd6 8. Nxf6+ Qxf6 9. d3 e4 10. dxe4 Rxe4 11. Nd2 Re6 12. Bd5 Re8 13. Ne4 Qe7 14. Ng5 Nd8 15. Qd3 g6 16. Ne4 Be5 17. Bg5 Qf8 18. Nf6+ Bxf6 19. Bxf6 Qd6 20. Bc3 Ne6 21. Qf3 Ng5 22. Qg4 Qe7 23. Qd4 1-0

[Event "Kitchener Winter op"]
[Site "Kitchener CAN"]
[Date "2008.02.15"]
[Round "1"]
[White "Pryor, Jamieson"]
[Black "Drkulec, Vladimir"]
[Result "1-0"]
[WhiteElo "1827"]
[BlackElo "2132"]
[PlyCount "115"]
[GameId "2160767910413461"]
[EventDate "2008.02.15"]
[EventType "swiss"]
[EventRounds "5"]
[EventCountry "CAN"]
[SourceTitle "EXT 2011"]
[Source "ChessBase"]
[SourceDate "2011.11.26"]
[SourceVersion "1"]
[SourceVersionDate "2011.11.26"]
[SourceQuality "1"]

1. e4 e5 2. Nf3 Nc6 3. Bb5 a6 4. Ba4 Nf6 5. O-O b5 6. Bb3 Be7 7. Re1 O-O 8. h3 d6 9. c3 Bb7 10. d4 Re8 11. Nbd2 Bf8 12. Nf1 exd4 13. cxd4 Nxe4 14. Rxe4 Rxe4 15. Ng5 d5 16. Qh5 h6 17. Qxf7+ Kh8 18. Bxd5 Qxd5 19. Qxd5 Nd8 20. Qxe4 Bxe4 21. Nxe4 Ne6 22. Be3 Rd8 23. Rd1 Rd5 24. Nc3 Rd7 25. a3 c6 26. Ng3 b4 27. axb4 Bxb4 28. Nge4 Rd8 29. Rc1 Nxd4 30. Rd1 c5 31. Kf1 Rb8 32. Na4 Nb3 33. Naxc5 Nxc5 34. Nxc5 Bxc5 35. Bxc5 Rxb2 36. Rd8+ Kh7 37. Bd4 Rb7 38. Ra8 Rd7 39. Be3 Rd6 40. Ra7 Kg8 41. h4 h5 42. Ke2 Re6 43. Kd3 Kf8 44. Bd4 g6 45. g3 Ke8 46. Kc4 a5 47. Kd5 Re2 48. Rxa5 Kf7 49. Ra7+ Kf8 50. Rg7 Rxf2 51. Rg8+ Kxg8 52. Bxf2 Kf7 53. Ke5 Ke7 54. Be3 Kf7 55. Bc5 Kg7 56. Ke6 Kg8 57. Kf6 Kh7 58. Be3 1-0

[Event "Kitchener Winter op"]
[Site "Kitchener CAN"]
[Date "2008.02.15"]
[Round "1"]
[White "Raheb, David"]
[Black "Whissell, Mavros"]
[Result "1-0"]
[WhiteElo "2253"]
[BlackElo "1977"]
[PlyCount "71"]
[GameId "2160767910413462"]
[EventDate "2008.02.15"]
[EventType "swiss"]
[EventRounds "5"]
[EventCountry "CAN"]
[SourceTitle "EXT 2011"]
[Source "ChessBase"]
[SourceDate "2011.11.26"]
[SourceVersion "1"]
[SourceVersionDate "2011.11.26"]
[SourceQuality "1"]

1. d4 f5 2. g3 Nf6 3. Bg2 g6 4. Nh3 Bg7 5. O-O O-O 6. c4 Na6 7. Nc3 d6 8. Bg5 c6 9. Qd2 Re8 10. Rad1 Nc7 11. Bh6 Bh8 12. d5 Bd7 13. f3 cxd5 14. cxd5 b5 15. e4 Na6 16. exf5 Bxf5 17. g4 Bd7 18. Nf4 b4 19. Nce2 Nc5 20. g5 Nh5 21. Nxh5 gxh5 22. f4 Qb6 23. Kh1 Bf5 24. Ng3 Bg4 25. Rde1 h4 26. h3 Bd7 27. Ne2 Qa6 28. f5 Qd3 29. Qf4 Be5 30. Qxh4 Bxf5 31. Nc1 Qc2 32. Re2 Qb1 33. Nb3 Qd3 34. Rd2 Qe3 35. g6 Bxg6 36. Bxe3 1-0

[Event "Kitchener Winter op"]
[Site "Kitchener CAN"]
[Date "2008.02.15"]
[Round "1"]
[White "Sambuev, Bator"]
[Black "Morrison, Kyle"]
[Result "0-1"]
[WhiteElo "2530"]
[BlackElo "2122"]
[PlyCount "106"]
[GameId "2160767910413463"]
[EventDate "2008.02.15"]
[EventType "swiss"]
[EventRounds "5"]
[EventCountry "CAN"]
[SourceTitle "EXT 2011"]
[Source "ChessBase"]
[SourceDate "2011.11.26"]
[SourceVersion "1"]
[SourceVersionDate "2011.11.26"]
[SourceQuality "1"]

1. e4 c5 2. Nf3 d6 3. d4 cxd4 4. Nxd4 Nf6 5. Nc3 a6 6. Bg5 e6 7. f4 Qb6 8. Qd3 Qxb2 9. Rb1 Qa3 10. f5 Nc6 11. fxe6 fxe6 12. Nxc6 bxc6 13. Be2 Be7 14. O-O O-O 15. Nd5 Qxd3 16. Nxe7+ Kf7 17. Bxd3 Kxe7 18. e5 dxe5 19. Bxh7 Kd6 20. Bg6 Bd7 21. Rb7 Rab8 22. Rd1+ Nd5 23. Rxb8 Rxb8 24. c4 Rb2 25. a3 Ra2 26. Bh4 Rxa3 27. Bg3 Ra5 28. Bc2 Be8 29. cxd5 exd5 30. Bf5 Bh5 31. Re1 d4 32. Re4 Rd5 33. Rh4 Be2 34. Be4 Ra5 35. Bh7 d3 36. Rd4+ Rd5 37. Rxd5+ Kxd5 38. Kf2 Kd4 39. Ke1 e4 40. Bxe4 Kxe4 41. Bc7 Kd4 42. Kd2 Kc4 43. h4 g6 44. Ba5 Kb5 45. Bc7 c5 46. Kc3 c4 47. Bf4 a5 48. Bc7 a4 49. Bd6 Kc6 50. Ba3 Kd5 51. Bc1 Ke4 52. g4 Bxg4 53. Kxc4 a3 0-1

[Event "Kitchener Winter op"]
[Site "Kitchener CAN"]
[Date "2008.02.16"]
[Round "2"]
[White "Bond, Hal"]
[Black "Brestoiu, Doina"]
[Result "0-1"]
[WhiteElo "1866"]
[BlackElo "1946"]
[PlyCount "77"]
[GameId "2160767910413464"]
[EventDate "2008.02.15"]
[EventType "swiss"]
[EventRounds "5"]
[EventCountry "CAN"]
[SourceTitle "EXT 2011"]
[Source "ChessBase"]
[SourceDate "2011.11.26"]
[SourceVersion "1"]
[SourceVersionDate "2011.11.26"]
[SourceQuality "1"]

1. e4 c5 2. d4 cxd4 3. c3 dxc3 4. Nxc3 Nc6 5. Nf3 d6 6. Bc4 e6 7. Qe2 Nf6 8. O-O Be7 9. Rd1 Nd7 10. Be3 O-O 11. Rac1 a6 12. a3 Qa5 13. Nd4 Nde5 14. Ba2 Nxd4 15. Bxd4 Nc6 16. Be3 Rd8 17. f4 Bf6 18. Qf2 Bxc3 19. Rxc3 Qa4 20. Qf3 Qa5 21. Rb3 Rd7 22. Bb6 Qa4 23. Rbd3 Nb4 24. Rd4 a5 25. Bb1 Qb5 26. Rxd6 Nd5 27. Rxd7 Qxb6+ 28. Kh1 Bxd7 29. exd5 Qxb2 30. dxe6 Bxe6 31. Be4 Rc8 32. Bd3 g6 33. Bxg6 hxg6 34. h3 Rc1 35. Kh2 Rxd1 36. Qxd1 Qxa3 37. Qd8+ Kg7 38. Qc7 Qb4 39. Qc3+ 0-1

[Event "Kitchener Winter op"]
[Site "Kitchener CAN"]
[Date "2008.02.16"]
[Round "2"]
[White "Dragusanu, George"]
[Black "Raheb, David"]
[Result "0-1"]
[WhiteElo "1751"]
[BlackElo "2253"]
[PlyCount "116"]
[GameId "2160767910413465"]
[EventDate "2008.02.15"]
[EventType "swiss"]
[EventRounds "5"]
[EventCountry "CAN"]
[SourceTitle "EXT 2011"]
[Source "ChessBase"]
[SourceDate "2011.11.26"]
[SourceVersion "1"]
[SourceVersionDate "2011.11.26"]
[SourceQuality "1"]

1. e4 c5 2. d4 cxd4 3. Nf3 d6 4. Nxd4 Nf6 5. Nc3 a6 6. Be2 e5 7. Nb3 Be7 8. Bg5 Nbd7 9. a4 O-O 10. O-O Qc7 11. Bd3 b6 12. f4 Bb7 13. Qf3 Rfe8 14. f5 Rac8 15. Bxf6 Nxf6 16. Rf2 Qb8 17. Nd5 Bxd5 18. exd5 e4 19. Bxe4 Nxe4 20. Qxe4 Bg5 21. Qg4 Be3 22. f6 g6 23. Nd4 Rc4 24. c3 Qd8 25. Qf3 Rxd4 26. cxd4 Bxd4 27. Raf1 Re5 28. g4 Qe8 29. Rd1 Bxf2+ 30. Qxf2 Qxa4 31. Qd4 Re4 32. Qxa4 Rxa4 33. Re1 Rxg4+ 34. Kh1 h5 35. Re8+ Kh7 36. Rd8 g5 37. Rxd6 Rb4 38. Rd7 Kg6 39. Rd6 Rxb2 40. Rc6 Rd2 41. d6 a5 42. Rxb6 a4 43. Ra6 a3 44. d7 Rxd7 45. Rxa3 Rd6 46. h4 g4 47. Kg2 Rxf6 48. Ra5 Rf5 49. Ra6+ f6 50. Ra3 Re5 51. Kg3 Kf5 52. Ra4 Re3+ 53. Kf2 Re4 54. Ra5+ Re5 55. Ra8 Kf4 56. Rh8 g3+ 57. Kg2 Re2+ 58. Kh1 Kf3 0-1

[Event "Kitchener Winter op"]
[Site "Kitchener CAN"]
[Date "2008.02.16"]
[Round "2"]
[White "Drkulec, Vladimir"]
[Black "Lacau Rodean, Iulia"]
[Result "1/2-1/2"]
[WhiteElo "2132"]
[BlackElo "1990"]
[PlyCount "89"]
[GameId "2160767910413466"]
[EventDate "2008.02.15"]
[EventType "swiss"]
[EventRounds "5"]
[EventCountry "CAN"]
[SourceTitle "EXT 2011"]
[Source "ChessBase"]
[SourceDate "2011.11.26"]
[SourceVersion "1"]
[SourceVersionDate "2011.11.26"]
[SourceQuality "1"]

1. d4 Nf6 2. c4 g6 3. Nc3 Bg7 4. e4 d6 5. f3 O-O 6. Be3 Nbd7 7. Qd2 e5 8. d5 a6 9. g4 h5 10. h3 b5 11. cxb5 axb5 12. Bxb5 Ba6 13. Bc6 Rb8 14. Ba7 Rc8 15. b4 Nb8 16. b5 Nxc6 17. bxc6 Ra8 18. Be3 Bc4 19. Nge2 Nh7 20. O-O-O h4 21. Kb1 Ra5 22. Ka1 Qa8 23. Rb1 Qa6 24. Rb7 Ra8 25. Nc1 Nf6 26. Rh2 Ra3 27. Rb4 Kh7 28. Qe1 Nxd5 29. Rxc4 Nxe3 30. Rb4 Qxc6 31. Rb3 Bh6 32. Rhb2 Nc4 33. Rxa3 Nxa3 34. N1e2 Bf4 35. Qd1 Nc4 36. Rb3 Ne3 37. Qd3 Ra5 38. Rb5 Ra3 39. Rb3 Qa8 40. Qb1 Nc4 41. Nb5 Rxb3 42. Qxb3 Qc6 43. Na3 Nxa3 44. Qxf7+ Kh8 45. Qf8+ 1/2-1/2

[Event "Kitchener Winter op"]
[Site "Kitchener CAN"]
[Date "2008.02.16"]
[Round "2"]
[White "Fiedler, Brian"]
[Black "Dougherty, Michael"]
[Result "1/2-1/2"]
[WhiteElo "2201"]
[BlackElo "2296"]
[PlyCount "52"]
[GameId "2160767910413467"]
[EventDate "2008.02.15"]
[EventType "swiss"]
[EventRounds "5"]
[EventCountry "CAN"]
[SourceTitle "EXT 2011"]
[Source "ChessBase"]
[SourceDate "2011.11.26"]
[SourceVersion "1"]
[SourceVersionDate "2011.11.26"]
[SourceQuality "1"]

1. d4 c5 2. d5 f5 3. c4 g6 4. Bd2 Bg7 5. Bc3 Nf6 6. g3 O-O 7. Bg2 d6 8. Nd2 e5 9. dxe6 Nc6 10. Nh3 Bxe6 11. O-O Nh5 12. Bxg7 Kxg7 13. e3 Rb8 14. Qe2 Qe7 15. Rfd1 Bg8 16. a3 Rbd8 17. b4 f4 18. b5 Nd4 19. Qd3 fxe3 20. fxe3 Nf5 21. g4 Qxe3+ 22. Qxe3 Nxe3 23. gxh5 Nxd1 24. Rxd1 d5 25. cxd5 Bxd5 26. Ne4 Bxe4 1/2-1/2

[Event "Kitchener Winter op"]
[Site "Kitchener CAN"]
[Date "2008.02.16"]
[Round "2"]
[White "Humphreys, Michael"]
[Black "Filipovich, David"]
[Result "1-0"]
[WhiteElo "1916"]
[BlackElo "2255"]
[PlyCount "45"]
[GameId "2160767910413469"]
[EventDate "2008.02.15"]
[EventType "swiss"]
[EventRounds "5"]
[EventCountry "CAN"]
[SourceTitle "EXT 2011"]
[Source "ChessBase"]
[SourceDate "2011.11.26"]
[SourceVersion "1"]
[SourceVersionDate "2011.11.26"]
[SourceQuality "1"]

1. Nf3 d5 2. g3 c6 3. b3 Bg4 4. Bb2 Nd7 5. Bg2 Ngf6 6. c4 e6 7. O-O Be7 8. d3 O-O 9. Nbd2 a5 10. a3 Re8 11. Qc2 Qb8 12. Bc3 e5 13. e3 Bf8 14. b4 e4 15. dxe4 dxe4 16. Ng5 Be2 17. Ndxe4 Bxf1 18. Nxf6+ Nxf6 19. Bxf6 g6 20. Rxf1 axb4 21. axb4 Bxb4 22. c5 Qa7 23. Qc4 1-0

[Event "Kitchener Winter op"]
[Site "Kitchener CAN"]
[Date "2008.02.16"]
[Round "2"]
[White "Leu, Richard"]
[Black "Sambuev, Bator"]
[Result "0-1"]
[WhiteElo "1916"]
[BlackElo "2530"]
[PlyCount "56"]
[GameId "2160767910413470"]
[EventDate "2008.02.15"]
[EventType "swiss"]
[EventRounds "5"]
[EventCountry "CAN"]
[SourceTitle "EXT 2011"]
[Source "ChessBase"]
[SourceDate "2011.11.26"]
[SourceVersion "1"]
[SourceVersionDate "2011.11.26"]
[SourceQuality "1"]

1. d4 e6 2. c4 Nf6 3. Nc3 Bb4 4. Qc2 c5 5. dxc5 O-O 6. Nf3 Na6 7. e3 Nxc5 8. Be2 Nfe4 9. Bd2 Nxd2 10. Nxd2 b6 11. Bf3 Bb7 12. Bxb7 Nxb7 13. a3 Bxc3 14. Qxc3 d5 15. Rc1 Rc8 16. Qd3 Nc5 17. Qb1 dxc4 18. Rxc4 Qd5 19. Rh4 f5 20. Nf3 Ne4 21. Nd4 e5 22. Nf3 Qc4 23. Rxe4 fxe4 24. Nd2 Qd3 25. Rf1 Rc2 26. Qd1 Rd8 27. Rh1 Rxd2 28. Qc1 Qe2# 0-1

[Event "Kitchener Winter op"]
[Site "Kitchener CAN"]
[Date "2008.02.16"]
[Round "2"]
[White "Miletic, Damir"]
[Black "Martchenko, Alexander"]
[Result "1/2-1/2"]
[WhiteElo "2174"]
[BlackElo "2169"]
[PlyCount "116"]
[GameId "2160767910413471"]
[EventDate "2008.02.15"]
[EventType "swiss"]
[EventRounds "5"]
[EventCountry "CAN"]
[SourceTitle "EXT 2011"]
[Source "ChessBase"]
[SourceDate "2011.11.26"]
[SourceVersion "1"]
[SourceVersionDate "2011.11.26"]
[SourceQuality "1"]

1. d4 d5 2. Nf3 Nf6 3. c4 e6 4. Bg5 c6 5. e3 Be7 6. Nbd2 Nbd7 7. Bd3 O-O 8. O-O b6 9. Rc1 Ba6 10. Qe2 c5 11. Rfd1 cxd4 12. Nxd4 Ne5 13. b3 Rc8 14. Bb1 Qe8 15. Bf4 Ng6 16. Bg3 Ba3 17. Rc2 Bb4 18. Nb5 Bxb5 19. cxb5 Rxc2 20. Bxc2 Qd7 21. Nf3 Bd6 22. Bd3 Rc8 23. Qd2 Bxg3 24. hxg3 Qc7 25. Bxg6 hxg6 26. Nd4 Ne4 27. Qb4 Qc5 28. Qxc5 Rxc5 29. a4 Kf8 30. Nc6 a6 31. Nb8 axb5 32. Nd7+ Ke7 33. Nxb6 Rc2 34. Ra1 bxa4 35. bxa4 Nc5 36. Nc8+ Kd7 37. Na7 Nb3 38. Rb1 Nc5 39. Nb5 Kc6 40. Ra1 Kb6 41. Nd6 f6 42. a5+ Ka6 43. Ne8 Ne4 44. Nxg7 e5 45. f3 Nxg3 46. Rd1 d4 47. exd4 exd4 48. Ne6 Rc6 49. Kf2 Nf5 50. Nf8 Rc2+ 51. Kg1 Kxa5 52. Ne6 Rc4 53. g4 Nh4 54. Kf2 Rc2+ 55. Kg3 g5 56. Nxd4 Rg2+ 57. Kh3 Rf2 58. Kg3 Rg2+ 1/2-1/2